Entry Personal Name
Number of records used in: 1
001 - CONTROL NUMBER
003 - CONTROL NUMBER IDENTIFIER
005 - DATE AND TIME OF LATEST TRANSACTION
- control field:
20231007142400.0
008 - FIXED-LENGTH DATA ELEMENTS
- fixed length control field:
811113n| azannaabn |n aaa
010 ## - LIBRARY OF CONGRESS CONTROL NUMBER
- LC control number:
n 81130629
016 ## - NATIONAL BIBLIOGRAPHIC AGENCY CONTROL NUMBER
- Record control number:
0070G7647E
035 ## - SYSTEM CONTROL NUMBER
- System control number:
(OCoLC)oca00675515
040 ## - CATALOGING SOURCE
- Original cataloging agency:
DLC
- Language of cataloging:
eng
- Description conventions:
rda
- Transcribing agency:
DLC
- Modifying agency:
OCoLC
- Modifying agency:
TCooP
- Modifying agency:
DLC
- Modifying agency:
GVaS
- Modifying agency:
CaOONL
042 ## - AUTHENTICATION CODE
046 ## - SPECIAL CODED DATES
- Birth date:
1952-03-07
- Source of date scheme:
edtf
053 #0 - LC CLASSIFICATION NUMBER
- Classification number element--single number or beginning number of span:
PR6052.O9192
100 1# - HEADING--PERSONAL NAME
- Personal name:
Boyd, William,
- Dates associated with a name:
1952-
370 ## - ASSOCIATED PLACE
- Place of birth:
Accra (Ghana)
- Associated country:
France
- Associated country:
Africa
- Place of residence/headquarters:
London (England)
- Source of term:
naf
372 ## - FIELD OF ACTIVITY
- Field of activity:
Fiction
- Field of activity:
Humorous fiction
- Source of term:
lcsh
373 ## - ASSOCIATED GROUP
- Associated group:
Université de Nice-Sophia Antipolis
- Source of term:
naf
373 ## - ASSOCIATED GROUP
- Associated group:
University of Glasgow
- Source of term:
naf
373 ## - ASSOCIATED GROUP
- Associated group:
Jesus College (University of Oxford)
- Source of term:
naf
374 ## - OCCUPATION
- Occupation:
Novelists
- Occupation:
Screenwriters
- Source of term:
lcsh
377 ## - ASSOCIATED LANGUAGE
670 ## - SOURCE DATA FOUND
- Source citation:
A good man in Africa, 1981:
- Information found:
t.p. (William Boyd)
670 ## - SOURCE DATA FOUND
- Source citation:
BNB, 1981
- Information found:
(Boyd, William, 1952-)
670 ## - SOURCE DATA FOUND
- Source citation:
IMDb, Jan. 12, 2009
- Information found:
(William Boyd; b. Mar. 7, 1952, Accra, Ghana; alternate name, Will Boyd; writer, director, producer)
670 ## - SOURCE DATA FOUND
- Source citation:
Wikipedia, Mar. 9, 2011
- Information found:
(William Boyd, CBE; b. 7 March 1952; is a Scottish novelist and screenwriter; spent his early life in Ghana and Nigeria, in Africa; studied at University of Nice, France, the University of Glasgow, Scotland, and Jesus College, University of Oxford, England; his first book was pub. in 1981; resides in London)
670 ## - SOURCE DATA FOUND
- Source citation:
Trio, 2021:
- Information found:
dust jacket (William Boyd was born in 1952 in Accra, Ghana, and grew up there and in Nigeria. He lives in London and France. His personal website is www.williamboyd.co.uk)
670 ## - SOURCE DATA FOUND
- Source citation:
Canadiana, May 9, 2022
- Information found:
(heading: Boyd, William, 1952-; variant: Boyd, Will, 1952-; Alternate name, Will Boyd)